000 00514nam a2200205Ia 4500
008 210210b1974 xxu||||| |||| 00| 0 eng d
082 _a320 VARP
100 _aVARMA and MADAN.
245 _aPolitical science theory thought and constitutions.
260 _aDelhi
_bCareers Digest Publications
_c1974
300 _a464
650 _athought
650 _atheory
650 _ascience
650 _aPolitical
650 _aconstitutions.
650 _aand
690 _aPolitical Theory
906 _a031385
999 _c82423
_d82423